000 01470naa a22003017a 4500
001 BR8803500
003 BR-BrBNA
005 20250721155334.0
007 ta
008 250630b bl.|||m| |||| 00| 0 por d
040 _aBR-BrBNA
_bpor
_cBiblioteca Nacional de Agricultura
041 _a(Pt)
072 _aF60
_b0150
_b3866
090 _aF60 BR8803500
100 1 _aBacha, R.E.
111 1 _a1. Reuniao sobre Ferro em Solos Inundados
_cGoiania, GO (Brazil)
_d19-21 May 1987
245 1 _aResultados obtidos em estudos com Fe na EMPASC: Caracteristicas na capa formada sobre as raizes de arroz em funcao da aplicacao de Fe e Mn; tratos culturais em solos problemas; Screening de linhagem e cultivares de arroz para resistencia a toxidez de Ferro [manganes, Empresa Catarinense de Pesquisa Agropecuaria]
500 _aAnais da 1. Reuniao sobre Ferro em Solos Inundados Barbosa Filho, M.P. (ed.) Goiania, GO (Brasil): 1988. p. 148-163 (BR8803500-AMS)
773 0 _tAnais da 1. Reuniao sobre Ferro em Solos Inundados
_aBarbosa Filho, M.P. (ed.). Centro Nacional de Pesquisa em Arroz e Feijao, Goiania, GO (Brasil)
_wF60 BR8803500
_gGoiania, GO (Brasil), 1988. p. 148-163
650 _aARROZ
650 _aFERRO
650 _aMANGANES
650 _aTOXIDEZ
650 _aANALISE QUIMICA
490 _aDocumentos - Centro Nacional de Pesquisa em Arroz e Feijao (Brazil)
_vno. 22
_xISSN 0101-9716
942 _cAMS
_2AGRIS
909 _a202506
_bLúcia
_c55
_dLúcia Elande
999 _c335960
_d335960